000 00317nam a22001097a 4500
008 230623b xxu||||| |||| 00| 0 eng d
082 _a330-.96
_bCSAE 1999
245 _aCentre for the Study of African Economies
_bResearch Summary 1999
260 _aUK
_bUniversity of Oxford
_c1999
300 _aVI,78p
942 _2ddc
_cBK
999 _c2527
_d2527